Library of the University of Algiers 3
Ibrahim Sultan Cheibout
شعار جامعة الجزائر 3
مكتبة جامعة الجزائر 3
إبراهيم سلطان شيبوط

تخطيط و مراقبة الانتاج في المؤسسات الصناعية و الخدمية / (رقم التسجيلة. 43968)

تفاصيل مارك
000 -LEADER
fixed length control field 01721nam a2200265Ia 4500
003 - CONTROL NUMBER IDENTIFIER
control field Ost
005 - DATE AND TIME OF LATEST TRANSACTION
control field 20260507075326.0
008 - FIXED-LENGTH DATA ELEMENTS--GENERAL INFORMATION
fixed length control field 260507s9999||||xx |||||||||||||| ||und||
020 ## - INTERNATIONAL STANDARD BOOK NUMBER
International Standard Book Number 57100799579
040 ## - CATALOGING SOURCE
Transcribing agency fsecg
041 ## - LANGUAGE CODE
Language code of text/sound track or separate title ara
082 ## - DEWEY DECIMAL CLASSIFICATION NUMBER
Classification number 330
100 ## - MAIN ENTRY--PERSONAL NAME
Personal name عامر، سامح عبد المطلب
Relator term مؤلف
245 #0 - TITLE STATEMENT
Title تخطيط و مراقبة الانتاج في المؤسسات الصناعية و الخدمية /
Statement of responsibility, etc. سامح عبد المطلب عامر
260 ## - PUBLICATION, DISTRIBUTION, ETC.
Place of publication, distribution, etc. عمان:
Name of publisher, distributor, etc. دار الفكر,
Date of publication, distribution, etc. 2011
300 ## - PHYSICAL DESCRIPTION
Extent 440 صفحة؛
Other physical details إيضاحات ؛
Dimensions 25 سم
504 ## - BIBLIOGRAPHY, ETC. NOTE
Bibliography, etc. note مراجع ص.431
520 ## - SUMMARY, ETC.
Summary, etc. مفهوم و أسس ادارة الانتاج و العمليات ، إختيار الموقع و التخطيط الداخلي للمصنع ، تخطيط و تنظيم الانتاج في المؤسسات الصناعية و الخدمية ، التنبؤ بحجم الانتاج ، جدولة و تحميل الانتاج ، تصميم و تطوير المنتجات ، الرقابة على العمليات في ضوء نظم تكاليف الانتاج ، الرقابة على الانتاج ، صيانة الأصول الانتاجية ، الكفاءة الانتاجية ، تقييم أداء القطاع الصناعي ( المشكلات و الحلول) ، دور إدارة الانتاج في مواجهة التحديات المعاصرة ، إدارة الجودة كمدخل لتحسين كفاءة الانتاج
653 ## - INDEX TERM--UNCONTROLLED
Uncontrolled term إدارة الانتاج
653 ## - INDEX TERM--UNCONTROLLED
Uncontrolled term التخطيط
653 ## - INDEX TERM--UNCONTROLLED
Uncontrolled term الرقابة
653 ## - INDEX TERM--UNCONTROLLED
Uncontrolled term المؤسسات الصناعية
700 ## - ADDED ENTRY--PERSONAL NAME
Personal name سيد قنديل، علاء محمد
Relator term مؤلف ثانوي
942 ## - ADDED ENTRY ELEMENTS (KOHA)
Koha item type كتب
المقتنيات
Withdrawn status Lost status Source of classification or shelving scheme Damaged status Not for loan Home library Current library Date acquired Serial enumeration / chronology Inventory number Total checkouts Full call number Barcode Date last seen Price effective from Koha item type
    Dewey Decimal Classification   NOT LOAN / إعارة داخلية مكتبة كلية العلوم الإقتصادية والعلوم التجارية وعلوم التسيير مكتبة كلية العلوم الإقتصادية والعلوم التجارية وعلوم التسيير 07/05/2026 الطابق الأرضي 20863   أ/4000ن1 20863 07/05/2026 07/05/2026 كتب
    Dewey Decimal Classification   Available مكتبة كلية العلوم الإقتصادية والعلوم التجارية وعلوم التسيير مكتبة كلية العلوم الإقتصادية والعلوم التجارية وعلوم التسيير 07/05/2026 الطابق الأرضي 20864   أ/4000ن2 20864 07/05/2026 07/05/2026 كتب
    Dewey Decimal Classification   Available مكتبة كلية العلوم الإقتصادية والعلوم التجارية وعلوم التسيير مكتبة كلية العلوم الإقتصادية والعلوم التجارية وعلوم التسيير 07/05/2026 الطابق الأرضي 20865   أ/4000ن3 20865 07/05/2026 07/05/2026 كتب
    Dewey Decimal Classification   Available مكتبة كلية العلوم الإقتصادية والعلوم التجارية وعلوم التسيير مكتبة كلية العلوم الإقتصادية والعلوم التجارية وعلوم التسيير 07/05/2026 الطابق الأرضي 20866   أ/4000ن4 20866 07/05/2026 07/05/2026 كتب
    Dewey Decimal Classification   Available مكتبة كلية العلوم الإقتصادية والعلوم التجارية وعلوم التسيير مكتبة كلية العلوم الإقتصادية والعلوم التجارية وعلوم التسيير 07/05/2026 الطابق الأرضي 20867   أ/4000ن5 20867 07/05/2026 07/05/2026 كتب
    Dewey Decimal Classification   Available مكتبة كلية العلوم الإقتصادية والعلوم التجارية وعلوم التسيير مكتبة كلية العلوم الإقتصادية والعلوم التجارية وعلوم التسيير 07/05/2026 الطابق الثاني 20868   أ/4000ن6 20868 07/05/2026 07/05/2026 كتب
    Dewey Decimal Classification   Available مكتبة كلية العلوم الإقتصادية والعلوم التجارية وعلوم التسيير مكتبة كلية العلوم الإقتصادية والعلوم التجارية وعلوم التسيير 07/05/2026 الطابق الثاني 20869   أ/4000ن7 20869 07/05/2026 07/05/2026 كتب
    Dewey Decimal Classification   Available مكتبة كلية العلوم الإقتصادية والعلوم التجارية وعلوم التسيير مكتبة كلية العلوم الإقتصادية والعلوم التجارية وعلوم التسيير 07/05/2026 مكتبة بن عكنون 20870   أ/4000ن8 20870 07/05/2026 07/05/2026 كتب
    Dewey Decimal Classification   Available مكتبة كلية العلوم الإقتصادية والعلوم التجارية وعلوم التسيير مكتبة كلية العلوم الإقتصادية والعلوم التجارية وعلوم التسيير 07/05/2026 مكتبة بن عكنون 20871   أ/4000ن9 20871 07/05/2026 07/05/2026 كتب

موارد الويب المفتوحة


© University of Algiers 3 All Rights Reserved
|
Implemented by LECHELAH Riad